000 00468nam a2200145 4500
999 _c4949
_d4949
008 160930b xxu||||| |||| 00| 0 eng d
022 _a16565649
082 _aDPer 303.405 H22 May-Sept 2015 n. 6-10
245 _aWhy smartphone cameras have replaced digital compact cameras.
260 _aQuezon City:
_bHardware Zone Phils. Corp.,
_c ©2015.
300 _av11 i8, page 80;
_c30 cm.
500 _aHWM Philippines.
650 0 _915570
_aCameras
942 _2ddc
_cPER